Side effects Mexican governance under NAFTA's labor and environmental agreements
Saved in:
| Main Author: | |
|---|---|
| Format: | Book |
| Language: | English |
| Published: |
Stanford
Stanford University Press
2013
|
| Subjects: | |
| Tags: |
No Tags, Be the first to tag this record!
|
MARC
| LEADER | 00000nam a2200000 4500 | ||
|---|---|---|---|
| 001 | 0199340 | ||
| 005 | 20240306140432.6 | ||
| 020 | |a 978-0-8047-8230-2 | ||
| 020 | |a 0-8047-8230-X | ||
| 041 | 0 | |a eng | |
| 044 | |a US | ||
| 245 | 1 | 0 | |a Side effects |b Mexican governance under NAFTA's labor and environmental agreements |c Mark Aspinwall |
| 264 | 1 | |a Stanford |b Stanford University Press |c 2013 | |
| 300 | |a 209 s. | ||
| 610 | 2 | 0 | |a integrácia ekonomická medzinárodná |
| 610 | 2 | 0 | |a podnikanie nadnárodné |
| 610 | 2 | 0 | |a krajiny rozvojové |
| 610 | 2 | 0 | |a inštitúcie verejnoprávne |
| 610 | 2 | 0 | |a politika hospodárska |
| 610 | 2 | 0 | |a vývoj politický |
| 610 | 2 | 0 | |a regulácia trhu |
| 610 | 2 | 0 | |a trh práce |
| 610 | 2 | 0 | |a politika environmentálna |
| 610 | 2 | 0 | |a zákony |
| 610 | 2 | 0 | |a Latinská Amerika |
| 610 | 2 | 0 | |a Mexiko |
| 100 | 1 | |a Aspinwall, Mark | |